| 000 | 00763nam a22002177a 4500 | ||
|---|---|---|---|
| 999 |
_c6272 _d6272 |
||
| 003 | AR-CdUCM | ||
| 008 | 190314b ||||| |||| 00| 0 spa d | ||
| 020 | _a956-7944-23-7 | ||
| 040 |
_aMUNICIPALIDAD PROVINCIAL DEL CUSCO _cBIBLIOTECA MUNICIPAL DEL CUSCO |
||
| 082 |
_a801 / _bP26 |
||
| 100 |
_aParedes, Gregório _918021 |
||
| 245 | _aEl ojo espejo / | ||
| 260 |
_aValparaiso : _bEditorial oikos, _c2001. |
||
| 300 |
_a54 paginas ; _c21 cm. |
||
| 505 | _aContenido :Carta del sur -- El ojo del espejo -- Nueva galicia -- Después del diluvio el agua eran tus ojos -- Escrito en la pared de una catacumba ... | ||
| 650 |
_aLiteratura chilena _92985 |
||
| 650 |
_aPoesía chilena _95520 |
||
| 650 |
_aHistorietas _910786 |
||
| 942 |
_2ddc _cLIBROS |
||
| 945 | _arum | ||